000 00571nam a2200229 a 4500
001 nice12345678
003 IN_TiNIC
005 20260116013251.0
008 070829s1983 newa grp 000 0 eng
020 _a
_c600
082 0 0 _a750.0954
_bKRA
100 _aKramrisch, Stella
245 _aSurvey of Painting in the Deccan
260 _aNew Delhi
_bOriental Books Reprint
_c1983
300 _a234p
500 _aincludes index and biblioraphy
650 _aPainting-India
700 1 _aKramrisch, Stella
902 _bSRS
942 _cBK
999 _c10323
_d10323